Biblioteca

Cartas Joánicas (Registro nro. 63710)

Detalles MARC
000 -LÍDER
Campo fijo de descripción fija 01406nam a22003854i 4500
001 - NÚMERO DE CONTROL
Campo de control 768714001
003 - IDENTIFICADOR DEL NÚMERO DE CONTROL
Campo de control CO-MdFUSB
005 - FECHA Y HORA DE LA ULTIMA TRANSACCIÓN
control field 20200415162031.0
007 - CAMPO FIJO DE DESCRIPCIÓN FIJA--INFORMACIÓN GENERAL
Campo fijo de descripción fija cr cn|||||||||
008 - ELEMENTOS DE LONGITUD FIJA -- INFORMACIÓN GENERAL
Campo fijo de descripción fija -- Información general 140911t2014 sp g 001 0 spa d
020 ## - NÚMERO INTERNACIONAL NORMALIZADO PARA LIBROS
Número Internacional Normalizado del libro 9788499452456
Información adicional electrónico
040 ## - FUENTE DE CATALOGACIÓN
Agencia de catalogación original CO-MdFUSBC
Idioma de catalogación spa
Convenciones de la descripción rda
Agencia que realiza la transcripción CO-MdFUSB
Agencia que realiza la modificación CO-MdFUSBC
041 ## - CÓDIGO DE IDIOMA
Código de idioma para texto/pista de sonido o título separado spa
082 04 - NÚMERO DE CLASIFICACIÓN DECIMAL DEWEY
Número de clasificación 227.9407
Número de la edición del Dewey 23
100 1# - ASIENTO PRINCIPAL--NOMBRE PERSONAL
Nombre personal Llamas Vela, Antonio.
Término relacionador autor
110 ## - ASIENTO PRINCIPAL--NOMBRE CORPORATIVO
Nombre corporativo o de jurisdicción como elemento de entrada Asociación Bíblica Española
245 10 - TÍTULO
Título del Material Cartas Joánicas
Mención de responsabilidad, etc. / Antonio Llamas Vela.
Medio físico [recurso electrónico]
264 #1 - PRODUCCIÓN, PUBLICACIÓN, DISTRIBUCIÓN, MANUFACTURA, Y COPYRIGHT
Lugar de producción, publicación, distribución, manufactura España :
Nombre del productor, publicador, distribuidor Verbo Divino,
Fecha de producción, publicación, distribución, manufactura, o copyright [2014]
264 #4 - PRODUCCIÓN, PUBLICACIÓN, DISTRIBUCIÓN, MANUFACTURA, Y COPYRIGHT
Fecha de producción, publicación, distribución, manufactura, o copyright © 2014
300 ## - DESCRIPCIÓN FÍSICA
Extensión recurso en línea (75 páginas)
Dimensiones ;
336 ## - TIPO DE CONTENIDO
Término de tipo de contenido texto
Fuente rdacontent
Código de tipo de contenido txt
337 ## - TIPO DE MEDIO
Nombre del tipo de medio informático
Fuente rdamedia
Código del tipo de medio c
338 ## - TIPO DE SOPORTE
Nombre del tipo de soporte remoto
Fuente rdacarrier
Código Tipo de soporte cr
347 ## - CARACTERÍSTICAS DEL ARCHIVO DIGITAL
Fuente rda
Tipo de archivo fichero de texto
Formato de codificación Html
490 1# - MENCIÓN DE SERIE
Mención de serie Reseña Bíblica
505 ## - NOTA DE CONTENIDO
Nota de contenido con formato preestablecido SECCIÓN MONOGRÁFICA. -- SECCIÓN ABIERTA. -- SECCIÓN DIDÁCTICA. -- SECCIÓN INFORMATIVA
516 ## - NOTA DE TIPO DE ARCHIVO O DATOS DE COMPUTADOR
Nota de tipo de archivo o datos de computador Texto electrónico<br/>
538 ## - NOTA DE DETALLES DEL SISTEMA
Nota de detalles del sistema Acceso a Internet; requiere usuario y clave asignada por la biblioteca<br/>
630 07 - TITULO UNIFORME
Título uniforme Biblia.
Nombre de parte o sección de la obra Nuevo Testamento
830 ## - PUNTO DE ACCESO ADICIONAL DE SERIE - TÍTULO UNIFORME
Título uniforme Reseña Bíblica
Designación de volumen o secuencia 70
856 40 - LOCALIZACIÓN Y ACCESO ELECTRÓNICOS
Identificador Uniforme del Recurso <a href="http://site.ebrary.com/lib/unisbcsp/Doc?id=10903712">http://site.ebrary.com/lib/unisbcsp/Doc?id=10903712</a>
Numero de Acceso 10903712
Nota dirigida al público <a href="Abrir Versión electrónica del libro Cartas Joánicas ">Abrir Versión electrónica del libro Cartas Joánicas </a>
942 ## - TIPO DE MATERIAL (KOHA)
Tipo de Item KOHA Libros General
945 ## - INFORMACIÓN LOCAL DEL REGISTRO
Catalogador JTF-925
Existencias
Estado de Material Estado de Perdido Forma de Clasificación Estado de Dañado No para Préstamo Colección Biblioteca de Origen Biblioteca Permanente Ubicación en Estantería Fecha de Adquisición Área Total de Préstamos Código de Barras Última vez visto Ejemplar/Existencia Url Tipo de Material Nota Pública
    Dewey Decimal Classification     Colección Libros Electrónicos Biblioteca FUSBC Biblioteca FUSBC Libro electrónico 15/04/2020 BIBLIA   ID10903712 18/04/2016 Ej.1 https://bit.ly/34EOe4X Libro electrónico LIBRO ELECTRÓNICO - Seguir link de acceso.

Biblioteca FUSBC | Teléfono: (57+4) 349 88 10 Ext. 141| WhatsApp (+57) 3005338115 
E-mail: biblioteca@unisbc.edu.co | Calle 76 87-14 Robledo Palenque, Medellín, Colombia

Con tecnología Koha